Islam and Modern Economic Theories / (Record no. 194966)
[ view plain ]
| 000 -LEADER | |
|---|---|
| fixed length control field | 00594nam a22001817a 4500 |
| 005 - DATE AND TIME OF LATEST TRANSACTION | |
| control field | 20230317152144.0 |
| 010 ## - LCCN (DPL NO) | |
| LC control number | ENG-136114 |
| 020 ## - INTERNATIONAL STANDARD BOOK NUMBER | |
| Terms of availability | 60.00 |
| 035 ## - SYSTEM CONTROL NUMBER | |
| System control number | EN-119646 |
| 037 ## - SOURCE OF ACQUISITION | |
| Source of stock number/acquisition | DBAD/PUB |
| 082 ## - DEWEY DECIMAL CLASSIFICATION NUMBER | |
| Classification number | 270.273 |
| 100 ## - MAIN ENTRY--PERSONAL NAME | |
| Personal name | Maududi, Maulana Sayyid Abul A'la |
| 245 ## - TITLE STATEMENT | |
| Title | Islam and Modern Economic Theories / |
| Statement of responsibility, etc | By Sayyid Abul A'la Maududi |
| 260 ## - PUBLICATION, DISTRIBUTION, ETC. (IMPRINT) | |
| Place of publication, distribution, etc | New Delhi |
| Name of publisher, distributor, etc | Markazi Maktaba Islami |
| Date of publication, distribution, etc | 2011 |
| 270 ## - ADDRESS | |
| Address | D-307, Abul Fazl Enclave, Jamia Nagar Okhla |
| City | New Delhi |
| Postal code | 110025 |
| Electronic mail address | mmipub@nda.vsnl.net.in |
| 300 ## - PHYSICAL DESCRIPTION | |
| Extent | 123p. |
| Dimensions | 22cm(pbk) |
| 942 ## - ADDED ENTRY ELEMENTS (KOHA) | |
| Source of classification or shelving scheme | Dewey Decimal Classification |
| Item type | English Books |
| Classification part | 270.273 |
| Call number suffix | MAU |
| Withdrawn status | Lost status | Not for loan | Collection code | Home library | Current library | Date acquired | Source of acquisition | Cost, normal purchase price | Full call number | Barcode | Copy number | Cost, replacement price | Koha item type |
|---|---|---|---|---|---|---|---|---|---|---|---|---|---|
| Non-fiction | Katevara | Katevara | 03/02/2023 | DBAD/PUB | 60.00 | 270.273 MAU | EN-119646 | 1 | 60.00 | English Books |
